[Event "Less trivial norm "]
[Site "SchemingMind.com"]
[Date "2007.05.30"]
[Round "-"]
[White "sibelius"]
[Black "Phaethon"]
[Result "1-0"]
[WhiteCountry "USA"]
[BlackCountry "CAN"]
[WhiteElo "2084"]
[WhiteRD "74"]
[BlackElo "1953"]
[BlackRD "115"]
[GameID "107360"]

1. e4 c5 2. Nc3 Nc6 3. f4 e6 4. Nf3 a6 5. Be2 Qc7 6. O-O d6 7. d4 cxd4 8. Nxd4 Nge7 9. Be3 Nxd4 10. Qxd4 Nc6
11. Qd2 Be7 12. Rf3 O-O 13. Raf1 b5 14. a3 Bb7 15. f5 Ne5 16. Rg3 Bh4 17. Rh3 Bf6 18. Bg5 Nd7 19. Qf4 Bxg5 20. Qxg5 Qc5+
21. Kh1 exf5 22. Qh4 h6 23. Rxf5 Qd4 24. Rg5
1-0

[Event "Less trivial norm "]
[Site "SchemingMind.com"]
[Date "2007.05.30"]
[Round "-"]
[White "Phaethon"]
[Black "sibelius"]
[Result "0-1"]
[WhiteCountry "CAN"]
[BlackCountry "USA"]
[WhiteElo "1953"]
[WhiteRD "115"]
[BlackElo "2084"]
[BlackRD "74"]
[GameID "107361"]

1. d4 Nf6 2. c4 e6 3. Nf3 Bb4+ 4. Bd2 Qe7 5. Nc3 Bxc3 6. Bxc3 b6 7. Qc2 Bb7 8. e3 O-O 9. Bd3 Kh8 10. e4 d5
11. cxd5 Nxe4 12. dxe6 Nxc3 13. bxc3 Bxf3 14. gxf3 Qxe6+ 15. Kd2 Qh6+ 16. Kd1 Nd7 17. Qd2 Qf6 18. Be4 Rad8 19. Kc2 c5 20. Rhg1 cxd4
21. Qxd4 Ne5 22. Qe3 Nc4 23. Qg5 Rd2+
0-1

[Event "Less trivial norm "]
[Site "SchemingMind.com"]
[Date "2007.06.04"]
[Round "-"]
[White "Efren ramos"]
[Black "sibelius"]
[Result "1/2-1/2"]
[WhiteCountry "NCA"]
[BlackCountry "USA"]
[WhiteElo "1907"]
[WhiteRD "78"]
[BlackElo "2084"]
[BlackRD "74"]
[GameID "107891"]

1. d4 Nf6 2. c4 e6 3. Nf3 Bb4+ 4. Bd2 Qe7 5. g3 Nc6 6. Bg2 Bxd2+ 7. Nbxd2 O-O 8. O-O d6 9. Qc2 e5 10. dxe5 dxe5
11. Ne4 Bf5 12. Nh4 Bxe4 13. Bxe4 Nb4 14. Qb1 Rfd8 15. a3 Nxe4 16. Qxe4 Nc6 17. Rad1 Rd4 18. Rxd4 exd4 19. Qxe7=
1/2-1/2

[Event "Less trivial norm "]
[Site "SchemingMind.com"]
[Date "2007.06.05"]
[Round "-"]
[White "sibelius"]
[Black "Efren ramos"]
[Result "1-0"]
[WhiteCountry "USA"]
[BlackCountry "NCA"]
[WhiteElo "2084"]
[WhiteRD "74"]
[BlackElo "1907"]
[BlackRD "78"]
[GameID "107893"]

1. e4 e5 2. Nf3 Nc6 3. d4 exd4 4. Bc4 Nf6 5. e5 d5 6. Bb5 Ne4 7. Nxd4 Bd7 8. Bxc6 bxc6 9. O-O Bc5 10. f3 Ng5
11. f4 Ne4 12. Be3 O-O 13. Nd2 Nxd2 14. Qxd2 f6 15. Rae1 fxe5 16. fxe5 Rxf1+ 17. Rxf1 Bb6 18. e6 Bxd4 19. Bxd4 Bxe6 20. Bxg7 Kxg7
21. Qc3+ Kg8 22. Qg3+
1-0

[Event "Less trivial norm "]
[Site "SchemingMind.com"]
[Date "2007.06.16"]
[Round "-"]
[White "Louis Lima"]
[Black "sibelius"]
[Result "0-1"]
[WhiteCountry "ESP"]
[BlackCountry "USA"]
[WhiteElo "1796"]
[WhiteRD "74"]
[BlackElo "2084"]
[BlackRD "74"]
[GameID "108906"]

1. e4 c5 2. Nc3 g6 3. f4 Bg7 4. Nf3 Nc6 5. Bb5 Nd4 6. O-O e6 7. d3 Ne7 8. Nxd4 cxd4 9. Ne2 Qb6 10. Ba4 O-O
11. Kh1 d5 12. e5 Nf5 13. Bb3 Bd7 14. a4 f6 15. g4 Ne3 16. Bxe3 dxe3 17. d4 g5 18. exf6 Rxf6 19. Qd3 gxf4 20. Nxf4 Raf8
21. a5 Qa6
0-1

[Event "Less trivial norm "]
[Site "SchemingMind.com"]
[Date "2007.06.16"]
[Round "-"]
[White "sibelius"]
[Black "Louis Lima"]
[Result "1-0"]
[WhiteCountry "USA"]
[BlackCountry "ESP"]
[WhiteElo "2117"]
[WhiteRD "74"]
[BlackElo "1709"]
[BlackRD "63"]
[GameID "108909"]

1. e4 c5 2. Nc3 g6 3. Nf3 Bg7 4. Bc4 Nc6 5. O-O d6 6. d3 e6 7. Bg5 Nge7 8. Re1 h6 9. Bxe7 Qxe7 10. Bb5 O-O
11. Qd2 Nd4 12. Nxd4 cxd4 13. Ne2 Bd7 14. Bxd7 Qxd7 15. Rab1 Kh7 16. c3 dxc3 17. bxc3 d5 18. exd5 Qxd5 19. Nf4 Qc6 20. d4 Rac8
21. Rb3 Rfd8 22. Ne2 e5 23. Rd1 exd4 24. cxd4 b6 25. d5 Qc2 26. Rd3 Qxd2 27. R1xd2 Re8 28. g4 Be5 29. d6
1-0

[Event "Less trivial norm "]
[Site "SchemingMind.com"]
[Date "2007.06.16"]
[Round "-"]
[White "pawngrabber"]
[Black "Louis Lima"]
[Result "1-0"]
[WhiteCountry "ENG"]
[BlackCountry "ESP"]
[WhiteElo "1909"]
[WhiteRD "73"]
[BlackElo "1709"]
[BlackRD "63"]
[GameID "109078"]

1. d4 Nf6 2. c4 e6 3. Nf3 Bb4+ 4. Nc3 b6 5. a3 Bxc3+ 6. bxc3 Ba6 7. Qb3 O-O 8. Bg5 d6 9. e3 h6 10. Bh4 Nc6
11. Bd3 Na5 12. Qa2 d5 13. Ne5 g5 14. Bg3 Nh5 15. cxd5 Bxd3 16. Nxd3 exd5 17. Qe2 Nxg3 18. hxg3 Kg7 19. Qh5 Qf6 20. Ne5 Rad8
21. Ng4
1-0

[Event "Less trivial norm "]
[Site "SchemingMind.com"]
[Date "2007.06.15"]
[Round "-"]
[White "pawngrabber"]
[Black "Efren ramos"]
[Result "0-1"]
[WhiteCountry "ENG"]
[BlackCountry "NCA"]
[WhiteElo "1909"]
[WhiteRD "73"]
[BlackElo "1935"]
[BlackRD "78"]
[GameID "109079"]

1. d4 Nf6 2. c4 e6 3. Nf3 b6 4. Nc3 Bb7 5. e3 d5 6. Be2 Nbd7 7. O-O Bd6 8. Bd2 O-O 9. Qc2 a6 10. a3 c5
11. cxd5 exd5 12. dxc5 bxc5 13. Rad1 Qe7 14. Rfe1 Ne5 15. Nh4 g6 16. Nf3 Rfd8 17. Bc1 Rac8 18. Nb1 d4 19. exd4 cxd4 20. Qa4 d3
0-1

[Event "Less trivial norm "]
[Site "SchemingMind.com"]
[Date "2007.06.13"]
[Round "-"]
[White "pawngrabber"]
[Black "sibelius"]
[Result "0-1"]
[WhiteCountry "ENG"]
[BlackCountry "USA"]
[WhiteElo "1907"]
[WhiteRD "75"]
[BlackElo "2084"]
[BlackRD "74"]
[GameID "109080"]

1. d4 Nf6 2. c4 e6 3. Nf3 Bb4+ 4. Bd2 Qe7 5. a3 Bxd2+ 6. Nbxd2 d6 7. e4 e5 8. d5 O-O 9. Bd3 Nh5 10. Qc2 Nf4
11. O-O Bg4 12. Rfe1 Nd7 13. Bf1 Qf6 14. b4 Rac8 15. c5 dxc5 16. bxc5 c6 17. d6 b6 18. cxb6 axb6 19. Ba6 Rb8 20. Qxc6 Nc5
21. Bf1 Bd7
0-1

[Event "Less trivial norm "]
[Site "SchemingMind.com"]
[Date "2007.06.16"]
[Round "-"]
[White "Louis Lima"]
[Black "pawngrabber"]
[Result "0-1"]
[WhiteCountry "ESP"]
[BlackCountry "ENG"]
[WhiteElo "1690"]
[WhiteRD "68"]
[BlackElo "1871"]
[BlackRD "73"]
[GameID "109082"]

1. e4 d6 2. d4 Nf6 3. Nc3 g6 4. Nf3 Bg7 5. h3 O-O 6. Bd3 c5 7. d5 e6 8. O-O a6 9. a4 e5 10. Bg5 Qc7
11. a5 Nbd7 12. Qd2 b5 13. axb6 Qxb6 14. b3 Bb7 15. Qe3 Kh8 16. Nd2 Qc7 17. Na4 Ng8 18. Nc4 h6 19. Bh4 g5 20. Bg3 Ne7
21. f3 f5 22. Be1 f4 23. Qe2 Nf6 24. Na5 Ng6 25. Nc4= Nh5 26. Kh2 Rf6 27. Nc3 Bc8 28. Nd2 a5 29. Qd1 Bd7 30. Qe2 Qc8
31. Bb5 Ng3 32. Bxg3 fxg3+ 33. Kxg3 Nf4 34. Qc4 Bxh3 35. gxh3 Qxh3+ 36. Kf2 g4 37. Rh1 Qg2+ 38. Ke3 h5 39. Rag1 Nxd5+ 40. Qxd5 Bh6+
41. Kd3 Qxd2+ 42. Kc4 Qd4+ 43. Qxd4 cxd4 44. Nd1 Rc8+ 45. Kd3 Rxf3+
0-1

[Event "Less trivial norm "]
[Site "SchemingMind.com"]
[Date "2007.06.16"]
[Round "-"]
[White "Efren ramos"]
[Black "pawngrabber"]
[Result "1/2-1/2"]
[WhiteCountry "NCA"]
[BlackCountry "ENG"]
[WhiteElo "1928"]
[WhiteRD "84"]
[BlackElo "1859"]
[BlackRD "74"]
[GameID "109083"]

1. d4 Nf6 2. Nf3 g6 3. c4 d6 4. Nc3 Bg7 5. e4 c5 6. Be2 cxd4 7. Nxd4 O-O 8. Be3 Bd7 9. O-O Nc6 10. Rc1 Rc8
11. f3 a6 12. Qd2 Nxd4 13. Bxd4 Bc6 14. Rfd1 h5 15. Kh1 Kh7 16. b3 Qa5 17. Be3 Nd7 18. Nd5 Qxd2 19. Rxd2 Rfe8 20. Kg1 Nf6
21. Rdc2 Kg8 22. Nb6 Rc7 23. a4 Nd7 24. Nd5 Rcc8 25. a5 Nc5 26. Rb1 Nxb3 27. Rxb3 Ba4 28. Rcb2 Bxb2 29. Rxb2 Bc6 30. h4 Kg7
31. Nb6 Rcd8 32. g3 e6 33. Bd4+ f6 34. Kf2 d5 35. e5 f5 36. c5 Rf8= 37. Bd3 Rf7 38. f4=
1/2-1/2

[Event "Less trivial norm "]
[Site "SchemingMind.com"]
[Date "2007.06.14"]
[Round "-"]
[White "sibelius"]
[Black "pawngrabber"]
[Result "1-0"]
[WhiteCountry "USA"]
[BlackCountry "ENG"]
[WhiteElo "2084"]
[WhiteRD "74"]
[BlackElo "1907"]
[BlackRD "75"]
[GameID "109084"]

1. e4 d6 2. d4 Nf6 3. Nc3 g6 4. Nf3 Bg7 5. h3 O-O 6. Be3 a6 7. a4 b6 8. e5 Nfd7 9. e6 fxe6 10. Bc4 Bb7
11. Ng5 Rf6 12. Bxe6+ Rxe6 13. Nxe6 Qc8 14. Nxg7 Kxg7 15. O-O Nf6 16. Qd2 Qf5 17. Rae1 Nbd7 18. f3 Re8 19. Ne4 Nxe4 20. fxe4 Qh5
21. Bg5 Nf6 22. e5
1-0

[Event "Less trivial norm "]
[Site "SchemingMind.com"]
[Date "2007.06.17"]
[Round "-"]
[White "doodledandy"]
[Black "Louis Lima"]
[Result "1/2-1/2"]
[WhiteCountry "CAN"]
[BlackCountry "ESP"]
[WhiteElo "2476"]
[WhiteRD "83"]
[BlackElo "1709"]
[BlackRD "63"]
[GameID "109673"]

1. e4 c5 2. Nf3 g6 3. c3 Bg7 4. d4 cxd4 5. cxd4 d5 6. exd5 Nf6 7. Bb5+ Nbd7 8. d6 exd6 9. Qe2+ Qe7 10. Bf4 Qxe2+
11. Bxe2 Ke7 12. Nc3 Nb6 13. O-O h6 14. Nb5 Ne8 15. Rac1 Nd5 16. Bd2 a6 17. Nc3 Nec7 18. Rfe1 Be6 19. Bd3 Kd7 20. Ne2 Rac8
21. a3 Bg4 22. Bc4 Be6 23. Bd3 Bg4 24. Bc4 Be6 25. Bd3=
1/2-1/2

[Event "Less trivial norm "]
[Site "SchemingMind.com"]
[Date "2007.06.20"]
[Round "-"]
[White "doodledandy"]
[Black "Efren ramos"]
[Result "1-0"]
[WhiteCountry "CAN"]
[BlackCountry "NCA"]
[WhiteElo "2476"]
[WhiteRD "83"]
[BlackElo "1935"]
[BlackRD "78"]
[GameID "109674"]

1. e4 c6 2. d4 d5 3. Nc3 dxe4 4. Nxe4 Bf5 5. Ng3 Bg6 6. h4 h6 7. Nf3 Nd7 8. h5 Bh7 9. Bd3 Bxd3 10. Qxd3 Qc7
11. Bd2 Ngf6 12. c4 e6 13. Bc3 Bd6 14. Ne4 Nxe4 15. Qxe4 Nf6 16. Qe2 O-O 17. Kf1 b5 18. c5 Be7 19. a4 a6 20. Ne5 Nd5
21. Bd2 Bf6 22. Rh3 Rfd8 23. Rd3 Rab8 24. b3 Ne7 25. Bf4 Qc8 26. Ng4 Bxd4 27. Rad1 Nf5 28. Bxb8 Qxb8 29. Ne5 Qc7 30. axb5 cxb5
31. b4 Rd5 32. Nf3 Qd8 33. g4
1-0

[Event "Less trivial norm "]
[Site "SchemingMind.com"]
[Date "2007.06.17"]
[Round "-"]
[White "doodledandy"]
[Black "pawngrabber"]
[Result "1-0"]
[WhiteCountry "CAN"]
[BlackCountry "ENG"]
[WhiteElo "2476"]
[WhiteRD "83"]
[BlackElo "1909"]
[BlackRD "73"]
[GameID "109675"]

1. e4 d6 2. d4 Nf6 3. Nc3 g6 4. f4 Bg7 5. Nf3 c5 6. Bb5+ Bd7 7. e5 Ng4 8. e6 fxe6 9. Ng5 Bxb5 10. Nxe6 Bxd4
11. Nxb5 Qa5+ 12. Qd2 Bf2+ 13. Kd1 Ne3+ 14. Ke2 Qxb5+ 15. Kxf2 Ng4+ 16. Kg3 Kd7 17. Re1 Nf6 18. b3 Nc6 19. Bb2 Rae8 20. Bxf6 exf6
21. Rad1 Nd4 22. Nxd4 cxd4 23. Qxd4 Qc6 24. Qxf6 Qc5 25. Qf7+ Kd8 26. Qxb7 Rxe1 27. Rxe1 Qc3+ 28. Kf2 Qd4+ 29. Kf3
1-0

[Event "Less trivial norm "]
[Site "SchemingMind.com"]
[Date "2007.06.17"]
[Round "-"]
[White "doodledandy"]
[Black "sibelius"]
[Result "1-0"]
[WhiteCountry "CAN"]
[BlackCountry "USA"]
[WhiteElo "2469"]
[WhiteRD "80"]
[BlackElo "2048"]
[BlackRD "81"]
[GameID "109676"]

1. e4 c5 2. Nf3 g6 3. c3 Bg7 4. d4 cxd4 5. cxd4 d5 6. exd5 Nf6 7. Nc3 Nxd5 8. Qb3 e6 9. Bg5 f6 10. Bd2 Nc6
11. Bd3 O-O 12. O-O f5 13. Nxd5 Qxd5 14. Bc4 Qd6 15. d5 exd5 16. Bxd5+ Kh8 17. Rfe1 Qc5 18. Bxc6 Qxc6 19. Re7 Re8 20. Rae1 Rxe7
21. Rxe7
1-0

[Event "Less trivial norm "]
[Site "SchemingMind.com"]
[Date "2007.06.17"]
[Round "-"]
[White "Louis Lima"]
[Black "doodledandy"]
[Result "0-1"]
[WhiteCountry "ESP"]
[BlackCountry "CAN"]
[WhiteElo "1709"]
[WhiteRD "63"]
[BlackElo "2476"]
[BlackRD "83"]
[GameID "109678"]

1. e4 c5 2. Nc3 d6 3. f4 Nc6 4. Nf3 g6 5. Bb5 Bg7 6. O-O Nf6 7. d3 O-O 8. Bxc6 bxc6 9. Qe1 c4 10. dxc4 Ba6
11. e5 dxe5 12. Nxe5 Nd7 13. Bd2 Nxe5 14. fxe5 Qb6+ 15. Kh1 Qxb2 16. Qe4 Rad8 17. Rab1 Qa3 18. Nb5 Bxb5 19. Bb4 Qa4 20. cxb5 c5
21. Rf3 cxb4
0-1

[Event "Less trivial norm "]
[Site "SchemingMind.com"]
[Date "2007.06.21"]
[Round "-"]
[White "Efren ramos"]
[Black "doodledandy"]
[Result "0-1"]
[WhiteCountry "NCA"]
[BlackCountry "CAN"]
[WhiteElo "1935"]
[WhiteRD "78"]
[BlackElo "2476"]
[BlackRD "83"]
[GameID "109679"]

1. d4 Nf6 2. Nf3 d5 3. c4 e6 4. e3 b6 5. Nbd2 Bb7 6. Bd3 Nbd7 7. O-O Be7 8. a3 O-O 9. b4 c5 10. bxc5 bxc5
11. Rb1 Qc7 12. Bb2 cxd4 13. exd4 Rab8 14. Qc2 dxc4 15. Qxc4 Qxc4 16. Bxc4 Rfc8 17. Rfc1 Bxf3 18. Nxf3 Rxb2 19. Rxb2 Bxa3 20. Rbc2 Bxc1
21. Rxc1 Nb6 22. Nd2 Ne8 23. Rc2 a5 24. Bd3 Rxc2 25. Bxc2 Nc7 26. Kf1 Nb5
0-1

[Event "Less trivial norm "]
[Site "SchemingMind.com"]
[Date "2007.06.17"]
[Round "-"]
[White "pawngrabber"]
[Black "doodledandy"]
[Result "0-1"]
[WhiteCountry "ENG"]
[BlackCountry "CAN"]
[WhiteElo "1907"]
[WhiteRD "75"]
[BlackElo "2471"]
[BlackRD "81"]
[GameID "109680"]

1. d4 Nf6 2. c4 e6 3. Nf3 Bb4+ 4. Nc3 c5 5. g3 cxd4 6. Nxd4 O-O 7. Bg2 d5 8. Qb3 Bxc3+ 9. Qxc3 e5 10. Nf3 d4
11. Qb3 e4 12. Nd2 Re8 13. O-O Nc6 14. a3 d3 15. exd3 Nd4
0-1

[Event "Less trivial norm "]
[Site "SchemingMind.com"]
[Date "2007.06.17"]
[Round "-"]
[White "sibelius"]
[Black "doodledandy"]
[Result "0-1"]
[WhiteCountry "USA"]
[BlackCountry "CAN"]
[WhiteElo "2084"]
[WhiteRD "74"]
[BlackElo "2471"]
[BlackRD "81"]
[GameID "109681"]

1. e4 c5 2. Nc3 d6 3. f4 Nc6 4. Nf3 g6 5. Bc4 Bg7 6. O-O e6 7. d3 Nge7 8. Bb3 Nd4 9. e5 Nec6 10. Be3 dxe5
11. fxe5 Nxe5 12. Nxe5 Bxe5 13. Qe1 Qc7 14. Kh1 O-O 15. Bh6 Bg7 16. Bxg7 Kxg7 17. Qf2 f5 18. Ne2 Qd6 19. Nxd4 cxd4 20. Rae1 Re8
21. Qf3 Rb8 22. a3 e5 23. Re2 Bd7 24. Ree1 a5 25. Qg3 a4 26. Ba2 b5 27. Re2 b4 28. axb4 Rxb4 29. b3 a3 30. Rfe1 f4
31. Qf3 Bc6 32. Qh3 Qf6 33. Rf2 h5 34. Kg1 Rh8 35. Rc1 g5 36. g3 Rb7 37. Re1 f3 38. g4 h4 39. Rb1 Rc8 40. Rbf1 Qf4
0-1

[Event "Less trivial norm "]
[Site "SchemingMind.com"]
[Date "2007.06.23"]
[Round "-"]
[White "megapixel"]
[Black "doodledandy"]
[Result "1/2-1/2"]
[WhiteCountry "ENG"]
[BlackCountry "CAN"]
[WhiteElo "1945"]
[WhiteRD "81"]
[BlackElo "2475"]
[BlackRD "86"]
[GameID "109799"]

1. e4 c5 2. Nc3 d6 3. f4 Nc6 4. Nf3 g6 5. Bb5 Bg7 6. O-O a6 7. Bxc6+ bxc6 8. d3 Nh6 9. Qe1 Rb8 10. b3 O-O
11. Bd2 Qc7 12. Rb1 f6 13. Na4 Nf7 14. Qh4 Re8 15. g4 Qd7 16. f5 Qc7 17. fxg6 hxg6 18. Qg3 Qd7 19. h3 e5 20. Nh4 Kh7
21. Rf2 Qe7 22. Rbf1 Rh8 23. Nf3 Kg8 24. Nh4 Kh7 25. Nf3= Kg8 26. Nh4 Kh7=
1/2-1/2

[Event "Less trivial norm "]
[Site "SchemingMind.com"]
[Date "2007.06.23"]
[Round "-"]
[White "megapixel"]
[Black "Efren ramos"]
[Result "1/2-1/2"]
[WhiteCountry "ENG"]
[BlackCountry "NCA"]
[WhiteElo "1937"]
[WhiteRD "72"]
[BlackElo "1845"]
[BlackRD "83"]
[GameID "109800"]

1. e4 c6 2. d4 d5 3. exd5 cxd5 4. Bd3 Nc6 5. c3 Nf6 6. Bf4 a6 7. Nd2 Bg4 8. Qb3 Qc8 9. Ngf3 Bxf3 10. Nxf3 e6
11. O-O= Be7 12. Rae1 O-O 13. Re2 g6 14. Rfe1 Re8 15. h3 b5 16. Bh6 Bd6 17. Ne5 Nd7 18. f4 Bf8 19. Bxf8 Nxf8 20. Qc2 Ra7
21. g3 f6 22. Nxc6 Qxc6 23. f5 Kg7 24. Qd2 Rae7 25. fxe6 Rxe6 26. Kg2 Rxe2+ 27. Rxe2 Rxe2+= 28. Qxe2 Kf7 29. a4 bxa4 30. Bxa6 a3
31. Bb5 Qa8 32. bxa3 Qxa3 33. Be8+ Kg7 34. h4 Qd6 35. Qb5 Qe6= 36. Bc6 Qe4+ 37. Kf1 Qf3+ 38. Ke1 Qxc3+ 39. Kf1 Qf3+ 40. Ke1 Qxg3+
41. Kd1 Qg4+ 42. Kc2 Qxd4 43. Qb7+ Kh6 44. Bxd5 Qxh4 45. Bg8= Qa4+ 46. Kb1 f5 47. Kc1 Qf4+ 48. Kb2 Qd4+ 49. Kc1 f4 50. Qf7 Nd7
51. Qxh7+ Kg5 52. Qe7+ Nf6 53. Qg7 Qe3+ 54. Kd1 f3 55. Bf7 Qd3+ 56. Kc1=
1/2-1/2

[Event "Less trivial norm "]
[Site "SchemingMind.com"]
[Date "2007.06.23"]
[Round "-"]
[White "megapixel"]
[Black "pawngrabber"]
[Result "1/2-1/2"]
[WhiteCountry "ENG"]
[BlackCountry "ENG"]
[WhiteElo "1945"]
[WhiteRD "81"]
[BlackElo "1871"]
[BlackRD "73"]
[GameID "109801"]

1. e4 d6 2. d4 Nf6 3. Nc3 g6 4. Nf3 Bg7 5. h3 O-O 6. Be3 a6 7. a4 b6 8. e5 Nfd7 9. e6 fxe6 10. Bc4 Nf6
11. d5 c6 12. Ng5 h6 13. Nxe6 Bxe6 14. dxe6 d5 15. Be2 Qd6 16. Qd2 Qxe6 17. Bxh6 Nbd7 18. Bxg7 Kxg7 19. O-O Nc5 20. Bf3 Qf5
21. b4 Ne6 22. Rae1=
1/2-1/2

[Event "Less trivial norm "]
[Site "SchemingMind.com"]
[Date "2007.06.23"]
[Round "-"]
[White "megapixel"]
[Black "sibelius"]
[Result "0-1"]
[WhiteCountry "ENG"]
[BlackCountry "USA"]
[WhiteElo "1912"]
[WhiteRD "83"]
[BlackElo "2117"]
[BlackRD "74"]
[GameID "109802"]

1. e4 c5 2. Nc3 g6 3. f4 Bg7 4. Nf3 Nc6 5. Bb5 Nd4 6. O-O e6 7. d3 Ne7 8. Nxd4 cxd4 9. Ne2 O-O 10. Ba4 d5
11. e5 Nf5 12. Qe1 f6 13. exf6 Bxf6 14. Qf2 h5 15. Bb3 Bd7 16. Bd2 a5 17. a3 Qb6 18. Rab1 Ne3 19. Qg3 Nxf1 20. Qxg6+ Bg7
21. Rxf1 a4 22. Bxd5 Rf6 23. Qxh5 exd5 24. Qxd5+ Rf7 25. f5 Rc8 26. Bb4 Rxc2 27. Nf4 Bxf5 28. Nh5 Qh6 29. Nxg7 Qe3+ 30. Kh1 Be6
0-1

[Event "Less trivial norm "]
[Site "SchemingMind.com"]
[Date "2007.06.23"]
[Round "-"]
[White "doodledandy"]
[Black "megapixel"]
[Result "1-0"]
[WhiteCountry "CAN"]
[BlackCountry "ENG"]
[WhiteElo "2475"]
[WhiteRD "86"]
[BlackElo "1945"]
[BlackRD "81"]
[GameID "109805"]

1. e4 c5 2. Nf3 g6 3. c3 Bg7 4. d4 cxd4 5. cxd4 d5 6. exd5 Nf6 7. Bb5+ Nbd7 8. d6 exd6 9. Qe2+ Qe7 10. Bf4 Qxe2+
11. Bxe2 Ke7 12. Nc3 Nb6 13. O-O h6 14. Nb5 Rd8 15. Nc7 Rb8 16. Rfe1 Be6 17. Nxe6 fxe6= 18. Bd3 g5 19. Bg3 Nfd7 20. Re4 Nf8
21. h4 gxh4 22. Bxh4+ Bf6 23. g3 Ng6 24. Rae1 Nxh4 25. Rxe6+ Kf7 26. Nxh4 d5 27. Nf5 h5 28. Nd6+ Kg7 29. Ne8+
1-0

[Event "Less trivial norm "]
[Site "SchemingMind.com"]
[Date "2007.06.23"]
[Round "-"]
[White "Efren ramos"]
[Black "megapixel"]
[Result "1/2-1/2"]
[WhiteCountry "NCA"]
[BlackCountry "ENG"]
[WhiteElo "1935"]
[WhiteRD "78"]
[BlackElo "1912"]
[BlackRD "83"]
[GameID "109806"]

1. d4 Nf6 2. Nf3 e6 3. g3 b5 4. Bg2 Bb7 5. O-O c5 6. dxc5 Bxc5 7. Nbd2 O-O 8. c4 bxc4 9. Nxc4 d5 10. Nce5 Nbd7=
1/2-1/2

[Event "Less trivial norm "]
[Site "SchemingMind.com"]
[Date "2007.06.23"]
[Round "-"]
[White "pawngrabber"]
[Black "megapixel"]
[Result "0-1"]
[WhiteCountry "ENG"]
[BlackCountry "ENG"]
[WhiteElo "1871"]
[WhiteRD "73"]
[BlackElo "1945"]
[BlackRD "81"]
[GameID "109807"]

1. d4 Nf6 2. c4 e6 3. Nf3 Bb4+ 4. Bd2 Qe7 5. a3 Bxd2+ 6. Nbxd2 d6 7. e3 e5 8. dxe5 dxe5 9. e4 Bg4 10. Be2 O-O
11. O-O c5 12. Ne1 Bxe2 13. Qxe2 Nc6 14. Ndf3 Rfd8 15. Nc2 Rd7 16. Ne3 g6 17. Nd5 Nxd5=
0-1

[Event "Less trivial norm "]
[Site "SchemingMind.com"]
[Date "2007.06.23"]
[Round "-"]
[White "sibelius"]
[Black "megapixel"]
[Result "1-0"]
[WhiteCountry "USA"]
[BlackCountry "ENG"]
[WhiteElo "2084"]
[WhiteRD "74"]
[BlackElo "1892"]
[BlackRD "91"]
[GameID "109808"]

1. e4 c5 2. Nc3 g6 3. Nf3 Bg7 4. Bc4 e6 5. d4 cxd4 6. Nxd4 Nc6 7. Nxc6 bxc6 8. O-O Qc7 9. Qf3 d5 10. exd5 cxd5
11. Nxd5 Qxc4 12. Ne3 Qb5 13. Qxa8 Ne7 14. Qxa7 Nc6 15. Qa3 Nb4 16. c4 Qc5 17. Rd1 Bd4 18. Rxd4 Qxd4 19. Qxb4 f5 20. Bd2
1-0

[Event "Less trivial norm "]
[Site "SchemingMind.com"]
[Date "2007.06.19"]
[Round "-"]
[White "Aumonde"]
[Black "Louis Lima"]
[Result "1-0"]
[WhiteCountry "USA"]
[BlackCountry "ESP"]
[WhiteElo "2277"]
[WhiteRD "59"]
[BlackElo "1709"]
[BlackRD "63"]
[GameID "109953"]

1. e4 c5 2. c3 g6 3. d4 cxd4 4. cxd4 d5 5. exd5 Nf6 6. Bb5+ Nbd7 7. Nc3 Bg7 8. Nf3 O-O 9. Bf4 Nb6 10. Be5 Nbxd5
11. O-O a6 12. Bc4 Bg4 13. Nxd5 Nxd5 14. Qb3 Bxf3 15. Qxf3 e6 16. Bb3 Rc8 17. Rae1 Re8 18. Re2 f6 19. Bf4 Kh8 20. Bd2 Qd6
21. Rfe1 f5 22. Bxd5
1-0

[Event "Less trivial norm "]
[Site "SchemingMind.com"]
[Date "2007.06.20"]
[Round "-"]
[White "Aumonde"]
[Black "doodledandy"]
[Result "0-1"]
[WhiteCountry "USA"]
[BlackCountry "CAN"]
[WhiteElo "2280"]
[WhiteRD "56"]
[BlackElo "2478"]
[BlackRD "88"]
[GameID "109954"]

1. e4 c5 2. Nf3 Nc6 3. c3 Nf6 4. e5 Nd5 5. d4 cxd4 6. cxd4 d6 7. Bc4 e6 8. O-O dxe5 9. dxe5 Be7 10. Qe2 O-O
11. Qe4 b6 12. Bd3 g6 13. Bh6 Re8 14. Nbd2 Bb7 15. Rad1 Rc8 16. Qe2 Qc7 17. a3 Red8 18. Nb3 a6 19. Rc1 b5 20. Rfd1 Qb6
21. Be4 Na5 22. Rxc8 Rxc8 23. Nxa5 Qxa5 24. Nd4 Rc4 25. Bb1 Qd8 26. Qe1 b4 27. Ba2 Rc8 28. a4 a5 29. Bb3 Bc5 30. Qd2 Qh4
31. Bg5 Qh5 32. Nf3 h6 33. Bxh6= Ne7 34. Ne1 Qxe5 35. Bf4 Qf5 36. Bg3 Qg4 37. Qd7 Bc6 38. Qd3 Be4 39. Qd2 Nf5 40. Qd7 Rf8
41. Bxe6 fxe6 42. Qxe6+ Kh7 43. Rd7+ Kh6 44. Qe5 Qe2 45. h4 Nxh4 46. Kh2 Bxf2 47. Qg7+ Kg5 48. Qe7+ Rf6 49. Bxf2 Nf5 50. Bh4+ Nxh4
51. Rd6 Qxb2 52. Rxf6 Qxf6 53. Qxe4 Qf4+ 54. Qxf4+ Kxf4 55. Nd3+ Ke4 56. Nc5+ Kd4 57. Nb3+ Kc3 58. Nxa5 Nf5 59. Kg1 Nd6 60. Kf2 Nc4
61. Nxc4 Kxc4 62. Ke3 b3 63. Kd2 Kb4 64. Kc1 Kxa4 65. Kb1 g5 66. g4 Kb4 67. Kb2 Kc4 68. Kb1 Kd3 69. Kb2 Ke2 70. Kxb3 Kf3
71. Kc2 Kxg4 72. Kd2 Kf3 73. Ke1 g4 74. Kf1 g3
0-1

[Event "Less trivial norm "]
[Site "SchemingMind.com"]
[Date "2007.06.20"]
[Round "-"]
[White "Aumonde"]
[Black "Efren ramos"]
[Result "1-0"]
[WhiteCountry "USA"]
[BlackCountry "NCA"]
[WhiteElo "2280"]
[WhiteRD "56"]
[BlackElo "1928"]
[BlackRD "84"]
[GameID "109955"]

1. d4 d5 2. Bf4 c6 3. e3 Nf6 4. Nd2 Bf5 5. Ngf3 e6 6. c4 Bd6 7. Bxd6 Qxd6 8. Qb3 b6 9. Nh4 Bg6 10. Rc1 Nbd7
11. cxd5 exd5 12. Bd3 O-O 13. Nxg6 hxg6 14. O-O c5 15. Qa3 Rfe8 16. Ba6 Re6 17. Rfd1 c4 18. Qxd6 Rxd6 19. b3 cxb3 20. axb3 Rb8
21. Rc7 b5 22. Ra1 Rbb6 23. Bc8 a6 24. Nf3 Rdc6 25. Rxc6 Rxc6 26. Bxa6 b4 27. Ra4 Rc1+ 28. Bf1 Ne4 29. Rxb4 g5 30. h3 f5
31. g4 fxg4 32. hxg4 Ndf6 33. Nh2 Nd2 34. Rb5 Nfe4 35. Kg2 Nxf1 36. Nxf1 Rc2 37. Rxd5 Nxf2 38. b4 Nxg4+ 39. Kf3 Nf2 40. Rxg5 Nd3
41. b5 Rf2+ 42. Ke4
1-0

[Event "Less trivial norm "]
[Site "SchemingMind.com"]
[Date "2007.06.21"]
[Round "-"]
[White "Aumonde"]
[Black "pawngrabber"]
[Result "1-0"]
[WhiteCountry "USA"]
[BlackCountry "ENG"]
[WhiteElo "2277"]
[WhiteRD "59"]
[BlackElo "1909"]
[BlackRD "73"]
[GameID "109956"]

1. f4 d5 2. Nf3 Nf6 3. e3 g6 4. d4 Bg7 5. Be2 Nbd7 6. Nc3 c5 7. O-O O-O 8. Ne5 cxd4 9. exd4 Nb6 10. a4 Bf5
11. a5 Nc8 12. g4 Bd7 13. g5 Ne4 14. Nxd5 Bf5 15. Ne3 Ncd6 16. Nxf5 Nxf5 17. Bf3 Ned6 18. a6 b6 19. Bxa8 Qxa8 20. c3 Nh4
21. Qg4 Ndf5 22. Bd2 h5 23. Qh3 Qd5 24. Be1 f6 25. Nd3 fxg5 26. fxg5 Qe4 27. Bxh4
1-0